000 00799nam a2200205Ia 4500
003 Ost
005 20260507075054.0
008 260507s9999||||xx |||||||||||||| ||und||
040 _cfsecg
041 _aara
082 _a350
100 _aسويلم، محمد
_eمؤلف
245 0 _aالإدارة /
_c محمد سويلم
260 _a[دون مكان]:
_b[دون ناشر],
_c2001
300 _a202 صفحة؛
_bإيضاحات ؛
_c24 سم
504 _aمراجع ص.195
520 _aإتخاذ القرارات ووظيفة التخطيط و إدارة مورد المعلومات ووظيفة الرقابة و أبعاد حديثة في القيادة و الادارة الدولية و الادارة في بيئة متغيرة .
653 _aالادارة
942 _cكتاب
999 _c42709
_d42709